[Event "Veterans Bdr 2017"]
[Site "Aubagne"]
[Date "2017.05.11"]
[Round "3"]
[White "Kleitz, Michel"]
[Black "Derien, Robert"]
[Result "1-0"]
[WhiteElo "1766"]
[BlackElo "1605"]
[PlyCount "121"]

1. d4 Nf6 2. c4 e5 3. dxe5 Ng4 4. Bf4 Bb4+ 5. Nd2 Nc6 6. Ngf3 Qe7 7. a3 Ngxe5
8. Nxe5 Nxe5 9. e3 Bxd2+ 10. Qxd2 d6 11. Be2 Bd7 12. O-O Bc6 13. b4 b6 14. Rac1
Bb7 15. f3 Ng6 16. Bg3 O-O 17. Bd3 f5 18. Rfe1 Qf6 19. Bf2 Rae8 20. c5 Ne5 21.
Be2 dxc5 22. bxc5 Rd8 23. Qc3 c6 24. Bg3 Rd5 25. f4 Rxc5 26. Qb3+ Qf7 27. Qxf7+
Nxf7 28. Rxc5 bxc5 29. Bc4 Re8 30. Rd1 Kf8 31. Kf2 Rd8 32. Rb1 Nd6 33. Bd3 c4
34. Bxf5 Nxf5 35. Rxb7 c3 36. Rb1 Rd2+ 37. Kf3 c2 38. Rc1 a5 39. Bf2 a4 40. e4
Rd3+ 41. Ke2 Rd1 42. Rxc2 Ra1 43. exf5 Kf7 44. Bc5 Rb1 45. Bb4 h5 46. Rxc6 h4
47. Kf3 Rf1+ 48. Kg4 Rf2 49. g3 Rxh2 50. gxh4 Rg2+ 51. Kf3 Rh2 52. Kg3 Rh1 53.
Ra6 Rg1+ 54. Kf3 Rh1 55. Kg4 Rg1+ 56. Kh5 Rf1 57. Bd6 Rg1 58. Rxa4 Kg8 59. Be5
Kh7 60. Ra7 Kh8 61. a4 1-0

[Event "Veterans Bdr 2017"]
[Site "Aubagne"]
[Date "2017.05.11"]
[Round "3"]
[White "Graells, Christian"]
[Black "Rouaud, Robert"]
[Result "1-0"]
[WhiteElo "1584"]
[BlackElo "1378"]
[PlyCount "67"]

1. e4 e5 2. Nf3 d6 3. c3 Bg4 4. Be2 Be7 5. d3 h6 6. O-O Nf6 7. Na3 Nc6 8. Nc2
Be6 9. Ne3 Nh7 10. b4 a6 11. Nd5 Nf6 12. Qc2 Nxd5 13. exd5 Bxd5 14. a3 Na7 15.
c4 Bc6 16. Bb2 Bf6 17. Rae1 O-O 18. Nd2 b6 19. Ne4 Be7 20. d4 f5 21. Ng3 e4 22.
d5 Bd7 23. Nh5 Bf6 24. Nxf6+ gxf6 25. Qd2 Kh7 26. Bc1 Qe7 27. Qxh6+ Kg8 28. f3
Qg7 29. Qe3 Rfe8 30. fxe4 Rxe4 31. Qd3 Rae8 32. Rf3 Rg4 33. Rf2 Rge4 34. Bd2
1-0

[Event "Veterans Bdr 2017"]
[Site "Aubagne"]
[Date "2017.05.11"]
[Round "3"]
[White "Amoros, Jean"]
[Black "Souesme, Gerard"]
[Result "1-0"]
[WhiteElo "1476"]
[BlackElo "1361"]
[PlyCount "57"]

1. e4 c6 2. Nc3 d5 3. Nf3 Bg4 4. h3 Bh5 5. exd5 cxd5 6. Bb5+ Nc6 7. g4 Bg6 8.
Ne5 Rc8 9. h4 f6 10. h5 Bxc2 11. Qxc2 fxe5 12. b3 a6 13. Be2 e6 14. Bb2 Bd6 15.
f3 Nf6 16. g5 Nd7 17. Rg1 Be7 18. O-O-O Nd4 19. Qd3 Nxe2+ 20. Qxe2 Bxg5 21. Kb1
Bf6 22. d4 Qe7 23. dxe5 Nxe5 24. Rge1 Rc6 25. Nxd5 exd5 26. Bxe5 Re6 27. Rxd5
Rxe5 28. Rxe5 Qxe5 29. Qd2 1-0

[Event "Veterans Bdr 2017"]
[Site "Aubagne"]
[Date "2017.05.11"]
[Round "3"]
[White "Ulloa, Philippe"]
[Black "Vicari-Vento, Salvatore"]
[Result "1/2-1/2"]
[WhiteElo "1321"]
[BlackElo "1441"]
[PlyCount "107"]

1. d4 d6 2. c4 Nf6 3. h3 g6 4. Nc3 Bg7 5. e4 O-O 6. Nf3 Nbd7 7. Bd3 a5 8. a4 e5
9. d5 Nc5 10. Bc2 c6 11. O-O cxd5 12. cxd5 b6 13. Be3 Ba6 14. Re1 Rb8 15. Bg5
h6 16. Bxf6 Qxf6 17. Qd2 g5 18. Nh2 Qe7 19. Qd1 Bc8 20. Qh5 f5 21. Qd1 Bd7 22.
b3 Qf6 23. f3 h5 24. Rf1 f4 25. Qe2 Bc8 26. Nb5 Ba6 27. Rf2 Qe7 28. Nf1 Qd7 29.
Nd2 Bxb5 30. axb5 Qc7 31. Bd3 Ra8 32. Bc4 Rfc8 33. Qd1 Ra7 34. Nb1 Rca8 35. Rc2
Qd7 36. Nc3 Qc8 37. Na4 Nxa4 38. bxa4 Qd8 39. Be2 Rc8 40. Rc6 Bf8 41. Rac1 Rac7
42. R1c3 Rxc6 43. bxc6 Qc7 44. Ba6 Ra8 45. Bb7 Rb8 46. Qb1 Be7 47. Rb3 Bd8 48.
Qe1 Qg7 49. Ba6 Bc7 50. Qb1 h4 51. Bb7 Qe7 52. Qd3 Qd8 53. Rb1 Kg7 54. Kh2
1/2-1/2

[Event "Veterans Bdr 2017"]
[Site "Aubagne"]
[Date "2017.05.11"]
[Round "3"]
[White "Lassalle, Marc"]
[Black "Turpin, Isabelle"]
[Result "0-1"]
[WhiteElo "1404"]
[BlackElo "1152"]
[PlyCount "56"]

1. d4 Nf6 2. Bf4 d6 3. e3 c5 4. c3 Qc7 5. Nf3 Nc6 6. Bd3 e5 7. dxe5 dxe5 8. Bg5
e4 9. Bxf6 exf3 10. Bh4 fxg2 11. Rg1 Qxh2 12. Kd2 Qxh4 13. Rxg2 Ne5 14. Kc1 Bg4
15. Rxg4 Nxg4 16. Bb5+ Ke7 17. Qd7+ Kf6 18. Bc4 Be7 19. e4 Qg5+ 20. Kc2 Ne5 21.
Qb5 a6 22. Qb3 b5 23. Nd2 Rab8 24. Qa3 Rhd8 25. Qxa6+ Rd6 26. Qa7 Qxd2+ 27. Kb3
bxc4+ 28. Ka3 Qxb2+ 0-1

[Event "Veterans Bdr 2017"]
[Site "Aubagne"]
[Date "2017.05.11"]
[Round "3"]
[White "Lognos, Lina"]
[Black "Hidreau, Olivier"]
[Result "0-1"]
[WhiteElo "1064"]
[BlackElo "1396"]
[PlyCount "116"]

1. c4 f5 2. Nc3 Nf6 3. Nf3 e6 4. d4 Be7 5. d5 d6 6. h3 O-O 7. dxe6 Bxe6 8. e3
Qe8 9. Nd4 Bd7 10. Bd3 g6 11. Ndb5 Bd8 12. O-O Nc6 13. a3 Ne5 14. Be2 Kh8 15.
f4 Nc6 16. b4 a6 17. Nd4 Ng8 18. Nxc6 Bxc6 19. b5 axb5 20. cxb5 Be4 21. Nxe4
fxe4 22. Bb2+ Bf6 23. Bxf6+ Nxf6 24. Qd4 Qe7 25. Bd1 c5 26. bxc6 bxc6 27. g4
Kg8 28. Qc4+ d5 29. Qxc6 Rxa3 30. Rxa3 Qxa3 31. Qe6+ Kg7 32. Qe5 Qxe3+ 33. Rf2
h6 34. Qc7+ Rf7 35. Qe5 Qg3+ 36. Rg2 Qxh3 37. g5 Qh4 38. gxf6+ Qxf6 39. Qxf6+
Rxf6 40. Rf2 e3 41. Rf3 d4 42. Bc2 Rc6 43. Be4 Rf6 44. Kf1 Rd6 45. Ke2 Re6 46.
Kd3 e2 47. Rh3 e1=Q 48. Rh1 Qxe4+ 49. Kc4 Qxh1 50. Kxd4 Qe4+ 51. Kc5 h5 52. Kb5
h4 53. f5 gxf5 54. Kc5 h3 55. Kb5 h2 56. Kc5 h1=Q 57. Kb5 Qhb1+ 58. Kc5 Rc6#
0-1

[Event "Veterans Bdr 2017"]
[Site "Aubagne"]
[Date "2017.05.11"]
[Round "3"]
[White "Catanese, Sauveur"]
[Black "Moerenhout, Jean Claude"]
[Result "0-1"]
[WhiteElo "1130"]
[BlackElo "1264"]
[PlyCount "89"]

1. d4 Nf6 2. c4 e5 3. d5 Bc5 4. a3 a5 5. Nf3 d6 6. g3 O-O 7. Bg2 c6 8. O-O cxd5
9. cxd5 Bg4 10. Bg5 h6 11. Bxf6 Qxf6 12. h3 Bf5 13. Nc3 Nd7 14. e4 Bh7 15. Na4
Ba7 16. Rc1 Qg6 17. Nh4 Qxg3 18. Nf3 Nf6 19. Nc3 Rac8 20. Ne2 Qg6 21. Nh4 Qh5
22. Rxc8 Rxc8 23. Nf3 Bxe4 24. Ng3 Qg6 25. Nh4 Qg5 26. Nxe4 Nxe4 27. Nf3 Qg3
28. Qe2 Nf6 29. Nd2 Rc2 30. Ne4 Qxg2+ 31. Kxg2 Rxe2 32. Nxd6 Rxb2 33. Rc1 Rxf2+
34. Kg3 Rb2 35. Rc8+ Kh7 36. Nxf7 Rb3+ 37. Kg2 Nxd5 38. Rh8+ Kg6 39. Nxe5+ Kg5
40. Nf7+ Kh4 41. Rd8 Nf4+ 42. Kf1 Rf3+ 43. Ke1 Ng2+ 44. Ke2 Rxf7 45. Rd3 0-1

[Event "Veterans Bdr 2017"]
[Site "Aubagne"]
[Date "2017.05.11"]
[Round "3"]
[White "Lupinacci, Patrick"]
[Black "Roman, Sylvian"]
[Result "0-1"]
[WhiteElo "1460"]
[BlackElo "1361"]
[PlyCount "58"]

1. d4 Nf6 2. Nc3 d5 3. Bg5 e6 4. e4 Be7 5. Bd3 dxe4 6. Bxe4 Nxe4 7. Bxe7 Nxc3
8. Bxd8 Nxd1 9. Bxc7 Na6 10. Bd6 Nxb2 11. Nf3 Nc4 12. Bf4 O-O 13. O-O b6 14. c3
Bb7 15. Ne1 Rac8 16. Rc1 Nc7 17. Bxc7 Rxc7 18. Nc2 Nd2 19. Rfd1 Ne4 20. Na3
Nxc3 21. Rxc3 Rxc3 22. Nb5 Rc2 23. a3 a6 24. Nd6 Bd5 25. f3 Rd8 26. Ne4 Bxe4
27. fxe4 Rdc8 28. d5 exd5 29. exd5 Rc1 0-1

[Event "Veterans Bdr 2017"]
[Site "Aubagne"]
[Date "2017.05.11"]
[Round "3"]
[White "Betry, Bernard"]
[Black "Kauder, Wilfried"]
[Result "0-1"]
[WhiteElo "1399"]
[BlackElo "1195"]
[PlyCount "136"]

1. Nf3 Nf6 2. g3 e6 3. d4 h6 4. Bg2 d5 5. O-O Nc6 6. Bf4 Bd6 7. Bxd6 Qxd6 8.
Nbd2 O-O 9. Re1 Re8 10. c4 dxc4 11. Nxc4 Qb4 12. Qb3 b5 13. Nce5 Qxb3 14. axb3
Nxe5 15. Nxe5 Rb8 16. Rxa7 Nd5 17. Nc6 Bb7 18. Nxb8 Rxb8 19. e4 Nb4 20. Rc1 c6
21. e5 f5 22. exf6 gxf6 23. Rc5 Kf7 24. Rh5 Kg6 25. g4 f5 26. f3 Nd5 27. Rh3
Kg5 28. gxf5 exf5 29. Rg3+ Kh5 30. Ra1 Re8 31. Bh3 Nf4 32. Bxf5 Ne2+ 33. Kg2
Nxg3 34. Bg4+ Kg5 35. Kxg3 Re3 36. h4+ Kf6 37. Kf4 Rxb3 38. Re1 Rb4 39. Re6+
Kf7 40. Ke4 c5+ 41. Ke5 Rxd4 42. Bh5+ Kf8 43. Rf6+ Kg8 44. Bf7+ Kg7 45. h5 Kf8
46. Bd5+ Ke7 47. Bxb7 Rb4 48. Rxh6 Rxb2 49. Kf5 c4 50. Ba6 c3 51. Rh7+ Kd8 52.
Rh8+ Kc7 53. Rc8+ Kb6 54. Bxb5 Rxb5+ 55. Kg4 Rc5 56. Rb8+ Ka5 57. Rb1 Ka4 58.
Rc1 Kb3 59. h6 Kb2 60. h7 Rc8 61. Kg5 Kxc1 62. Kg6 c2 63. f4 Kb2 64. f5 c1=Q
65. f6 Qg1+ 66. Kh6 Rf8 67. f7 Qc1+ 68. Kg7 Qc8 0-1

[Event "Veterans Bdr 2017"]
[Site "Aubagne"]
[Date "2017.05.11"]
[Round "3"]
[White "Boudet, Nicole"]
[Black "Porte, Jacques"]
[Result "0-1"]
[WhiteElo "1130"]
[BlackElo "1338"]
[PlyCount "72"]

1. e4 c5 2. Nc3 Nc6 3. f3 Nf6 4. Bc4 e6 5. Nge2 Be7 6. O-O O-O 7. d4 cxd4 8.
Nxd4 Bc5 9. Be3 e5 10. Nf5 Bxe3+ 11. Nxe3 Qb6 12. Qd2 Nd4 13. Kh1 a6 14. Ned5
Qd8 15. a4 d6 16. f4 Nc6 17. Nxf6+ Qxf6 18. Nd5 Qd8 19. b4 Be6 20. fxe5 Nxe5
21. Be2 Nd7 22. Ra3 Kh8 23. Rg3 g6 24. Qc3+ f6 25. Rgf3 Bxd5 26. exd5 Ne5 27.
Rh3 Rc8 28. Qd2 Rc7 29. Bd3 Rg7 30. Rf4 Qe7 31. g4 g5 32. Rd4 Nxd3 33. Rhxd3
Re8 34. Re3 Qxe3 35. Qxe3 Rxe3 36. Kg2 Re2+ 0-1

[Event "Veterans Bdr 2017"]
[Site "Aubagne"]
[Date "2017.05.11"]
[Round "3"]
[White "Belaid, Myriam"]
[Black "Pietrac, Christian"]
[Result "0-1"]
[WhiteElo "1030"]
[BlackElo "1265"]
[PlyCount "82"]

1. e4 d6 2. d4 Nf6 3. Nc3 g6 4. Bc4 Bg7 5. Nf3 O-O 6. O-O a6 7. Bf4 Nc6 8. Qe2
Na5 9. Bd3 Bd7 10. Rfe1 b5 11. b4 Nc6 12. a3 Nh5 13. Bg5 h6 14. Be3 Nf6 15. d5
Ne5 16. Bd4 Nxf3+ 17. Qxf3 Bg4 18. Qe3 e5 19. h3 exd4 20. Qxd4 Bd7 21. e5 Ne8
22. Re3 dxe5 23. Qe4 Nd6 24. Qf3 e4 25. Bxe4 Nxe4 26. Rxe4 Bf5 27. Re2 Re8 28.
Rae1 Rxe2 29. Nxe2 Bxc2 30. Nd4 Bxd4 31. Re2 Bf5 32. Kf1 Qd7 33. g4 Bb1 34. h4
Re8 35. Re4 Bxe4 36. Qg3 Bxd5 37. h5 Bc4+ 38. Kg2 Qd5+ 39. f3 Be5 40. Qh4 Qd2+
41. Kh3 Qh2# 0-1

[Event "Veterans Bdr 2017"]
[Site "Aubagne"]
[Date "2017.05.11"]
[Round "4"]
[White "Paravagna, Alain"]
[Black "Battaglia, Gerard"]
[Result "1-0"]
[WhiteElo "1864"]
[BlackElo "1736"]
[PlyCount "113"]

1. d4 Nf6 2. e3 g6 3. Nf3 Bg7 4. Be2 O-O 5. Nc3 d5 6. O-O Nbd7 7. Nb5 c6 8. Na3
b5 9. c3 Ne4 10. Nc2 a5 11. Nd2 f5 12. f3 Nxd2 13. Bxd2 e5 14. dxe5 Nxe5 15.
Nd4 Bd7 16. Qc2 Qb6 17. b4 axb4 18. cxb4 Rfe8 19. Rfe1 Nf7 20. Qc3 Nd6 21. g3
Nc4 22. Bxc4 dxc4 23. Qb2 Re7 24. Bc3 Rae8 25. Kf2 h5 26. h4 Qc7 27. Re2 Be5
28. f4 Bg7 29. Nf3 Bxc3 30. Qxc3 c5 31. bxc5 Qxc5 32. Ne5 Rxe5 33. fxe5 Rxe5
34. Qd4 Qe7 35. Rd1 Be8 36. Qd6 Qxd6 37. Rxd6 b4 38. Rb6 Bb5 39. Rd2 c3 40.
Rd8+ Kf7 41. Rc8 Bd7 42. Rc7 Rd5 43. Rxb4 Rd2+ 44. Ke1 Ke6 45. Rd4 Rxa2 46.
Rcxd7 Ra1+ 47. Rd1 Ra2 48. Rc7 Rg2 49. Rxc3 Rxg3 50. Kf2 Rh3 51. Rd4 Rh2+ 52.
Kg3 Rh1 53. Kg2 Ra1 54. Rc6+ Kf7 55. Rd7+ Ke8 56. Rg7 Kf8 57. Rgxg6 1-0

[Event "Veterans Bdr 2017"]
[Site "Aubagne"]
[Date "2017.05.11"]
[Round "4"]
[White "Pierrugues, Laurent"]
[Black "Thiers, Jean-Jacques"]
[Result "0-1"]
[WhiteElo "1738"]
[BlackElo "1670"]
[PlyCount "72"]

1. e3 d5 2. f4 Nf6 3. Nf3 c5 4. c3 Bf5 5. d4 e6 6. Bd3 Bxd3 7. Qxd3 Bd6 8. O-O
Nbd7 9. Ne5 Qe7 10. Nd2 Rc8 11. Ndf3 Ne4 12. Qb5 Rc7 13. Nxd7 Qxd7 14. Qxd7+
Rxd7 15. Bd2 h6 16. Be1 f5 17. Ne5 Bxe5 18. fxe5 c4 19. Rb1 Rc7 20. b4 cxb3 21.
axb3 Nxc3 22. Bxc3 Rxc3 23. Rfc1 Rxc1+ 24. Rxc1 Kd7 25. Kf2 Rc8 26. Ra1 a6 27.
Ra2 Rc3 28. Rb2 Kc6 29. Ke2 Kb5 30. Kd2 Kb4 31. Rc2 Rxc2+ 32. Kxc2 g5 33. g3 g4
34. Kb2 a5 35. Ka2 Kc3 36. Ka3 b5 0-1

[Event "Veterans Bdr 2017"]
[Site "Aubagne"]
[Date "2017.05.11"]
[Round "4"]
[White "Hidreau, Olivier"]
[Black "Kleitz, Michel"]
[Result "0-1"]
[WhiteElo "1396"]
[BlackElo "1766"]
[PlyCount "64"]

1. e4 c5 2. c3 d5 3. exd5 Qxd5 4. d4 Nf6 5. Nf3 e6 6. Be2 Nc6 7. O-O Be7 8. Re1
O-O 9. c4 Qd8 10. dxc5 Qc7 11. Nc3 Bxc5 12. Nb5 Qb8 13. Bg5 Be7 14. Bd3 a6 15.
Nc3 Rd8 16. a3 h6 17. Bh4 Qd6 18. Bc2 Qf4 19. Qb1 Qxc4 20. Bg3 b5 21. Bc7 Rd7
22. Be5 Bb7 23. Bxf6 Bxf6 24. Bh7+ Kh8 25. Ne4 Bxb2 26. Nf6 Bxf6 27. Ra2 Rad8
28. Rc2 Qg4 29. Rce2 g6 30. Re4 Qf5 31. Bxg6 Qxg6 32. Kf1 Ne5 0-1

[Event "Veterans Bdr 2017"]
[Site "Aubagne"]
[Date "2017.05.11"]
[Round "4"]
[White "Cavanihac, Claude"]
[Black "Quet, Jean-Francois"]
[Result "0-1"]
[WhiteElo "1493"]
[BlackElo "1656"]
[PlyCount "126"]

1. d4 Nf6 2. c4 e6 3. Nf3 b6 4. e3 Bb7 5. Be2 d5 6. cxd5 Qxd5 7. O-O Ne4 8. Nc3
Nxc3 9. bxc3 Be7 10. Bd3 f5 11. Qb3 Qxb3 12. axb3 Bxf3 13. gxf3 Nd7 14. Bb5 Bf6
15. Bc6 Rb8 16. Rxa7 Kd8 17. Bd2 Nf8 18. Rfa1 Ng6 19. e4 Ne7 20. Bb7 Kd7 21. d5
Rhd8 22. Ba6 exd5 23. exd5 Nxd5 24. Bb5+ Kd6 25. Rc1 g5 26. c4 Ne7 27. Bb4+ c5
28. Bc3 Bxc3 29. Rxc3 Nc6 30. Bxc6 Kxc6 31. Rxh7 b5 32. Re3 bxc4 33. bxc4 Rb1+
34. Kg2 Rc1 35. Rg7 Rxc4 36. Rxg5 Rf4 37. Kg3 Rdd4 38. Re6+ Kd5 39. Rgg6 Kc4
40. Re3 Rh4 41. Kg2 Kb5 42. Re5 Rh5 43. Rf6 Rg5+ 44. Kf1 Rd1+ 45. Ke2 Rgg1 46.
Ke3 Rge1+ 47. Kf4 Rxe5 48. Kxe5 c4 49. Rxf5 c3 50. Ke4+ Kb4 51. Rf7 c2 52. Rb7+
Ka5 53. Rc7 c1=Q 54. Rxc1 Rxc1 55. f4 Rh1 56. f3 Rxh2 57. f5 Kb6 58. Ke5 Re2+
59. Kf6 Kc6 60. f4 Kd6 61. Kf7 Rf2 62. Kg6 Rxf4 63. f6 Ke6 0-1

[Event "Veterans Bdr 2017"]
[Site "Aubagne"]
[Date "2017.05.11"]
[Round "4"]
[White "Turpin, Isabelle"]
[Black "Graells, Christian"]
[Result "1-0"]
[WhiteElo "1152"]
[BlackElo "1584"]
[PlyCount "63"]

1. d4 Nf6 2. c4 e6 3. a3 Be7 4. Nc3 O-O 5. Bg5 d5 6. e3 c6 7. h4 h6 8. Bxf6
Bxf6 9. g4 Nd7 10. g5 hxg5 11. hxg5 Bxg5 12. Qh5 Bh6 13. Bd3 Nf6 14. Qh2 Ng4
15. Qg2 f5 16. f3 Bxe3 17. fxg4 Bxd4 18. Nge2 Bf6 19. O-O-O d4 20. Qh3 dxc3 21.
Qh7+ Kf7 22. Nf4 cxb2+ 23. Kb1 Rg8 24. Qg6+ Kf8 25. gxf5 Qa5 26. Nxe6+ Ke7 27.
Ng5 Bxg5 28. Rhe1+ Kd7 29. Qf7+ Kd6 30. Bc2+ Kc5 31. Re5+ Kb6 32. Rxa5 1-0

[Event "Veterans Bdr 2017"]
[Site "Aubagne"]
[Date "2017.05.11"]
[Round "4"]
[White "Derien, Robert"]
[Black "Amoros, Jean"]
[Result "1-0"]
[WhiteElo "1605"]
[BlackElo "1476"]
[PlyCount "67"]

1. e4 d5 2. exd5 Nf6 3. d4 Nxd5 4. Nc3 Bf5 5. Nxd5 Qxd5 6. Nf3 Nc6 7. c4 Qe4+
8. Be3 O-O-O 9. Ng5 Rxd4 10. Nxe4 Rxd1+ 11. Rxd1 Bxe4 12. f3 Bf5 13. Bd3 Bxd3
14. Rxd3 e5 15. O-O Nb4 16. Rd2 Na6 17. a3 Bd6 18. b4 Be7 19. Rfd1 f5 20. Rd7
Bf6 21. Rf7 f4 22. Bf2 b6 23. b5 Nc5 24. Bxc5 bxc5 25. Rdd7 Bd8 26. Rxg7 Kb7
27. a4 Kb6 28. Rxh7 Re8 29. Rh6+ Ka5 30. Ra6+ Kb4 31. Rxa7 Kxc4 32. Ra8 Kb4 33.
Rdxd8 Re6 34. Ra6 1-0

[Event "Veterans Bdr 2017"]
[Site "Aubagne"]
[Date "2017.05.11"]
[Round "4"]
[White "Moerenhout, Jean Claude"]
[Black "Ulloa, Philippe"]
[Result "1-0"]
[WhiteElo "1264"]
[BlackElo "1321"]
[PlyCount "67"]

1. d4 d5 2. Nf3 h6 3. Bf4 a6 4. e3 Nf6 5. Bd3 e6 6. O-O c5 7. c3 Nc6 8. Nbd2
Qb6 9. Rb1 cxd4 10. exd4 Be7 11. Ne5 O-O 12. Re1 Re8 13. Re3 Bf8 14. Rg3 g6 15.
Nxg6 fxg6 16. Rxg6+ Kf7 17. Qf3 Ne7 18. Rxf6+ Kxf6 19. Bc7+ Nf5 20. Bxb6 Bd6
21. Re1 Rg8 22. Bc5 Bc7 23. Nf1 Bd7 24. Bxf5 exf5 25. Qxd5 Bc6 26. Be7+ Kg6 27.
Re6+ Kf7 28. Qxf5+ Ke8 29. Bc5+ Kd7 30. Rxh6+ Kd8 31. Qf6+ Kc8 32. Qe6+ Bd7 33.
Qxg8+ Bd8 34. Bb6 1-0

[Event "Veterans Bdr 2017"]
[Site "Aubagne"]
[Date "2017.05.11"]
[Round "4"]
[White "Vicari-Vento, Salvatore"]
[Black "Lassalle, Marc"]
[Result "0-1"]
[WhiteElo "1441"]
[BlackElo "1404"]
[PlyCount "130"]

1. e4 d6 2. d4 Nf6 3. Bd3 g6 4. c4 Bg7 5. Nf3 O-O 6. h3 Nc6 7. Be3 Nd7 8. a3 e5
9. d5 Nd4 10. Nxd4 exd4 11. Bc1 Ne5 12. Be2 Re8 13. f4 Nd7 14. Nd2 Nc5 15. Qc2
Qh4+ 16. Kf1 Qxf4+ 17. Nf3 Qxe4 18. Qxe4 Nxe4 19. Rg1 Ng3+ 20. Kf2 Nxe2 21. Re1
d3 22. Rb1 Bf5 23. Bd2 Bf6 24. g4 Be4 25. g5 Bd4+ 26. Kg2 Bxf3+ 27. Kxf3 Re5
28. h4 Rf5+ 29. Kg4 Re8 30. Rf1 Re4+ 31. Kh3 Bf2 32. Kg2 Rg4+ 33. Kh3 Rxh4+ 34.
Kg2 Bg3 35. Rxf5 gxf5 36. Rf1 Rh2+ 37. Kf3 f4 38. Ke4 Rf2 39. Rh1 f3 40. Kxd3
Rg2 41. Ke3 Rg1 42. Kxf3 Rxh1 43. Kxe2 Rh2+ 44. Kd3 Rxd2+ 45. Kxd2 Bf4+ 46. Kd3
Bxg5 47. b4 h5 48. Ke2 f5 49. a4 h4 50. a5 h3 51. Kf3 Bd2 52. b5 Bxa5 53. Kg3
a6 54. Kxh3 axb5 55. cxb5 Bd2 56. Kg2 Kf7 57. Kf3 f4 58. Ke2 Be3 59. Kf3 Kf6
60. Ke4 Kg5 61. Kd3 Kg4 62. Ke2 Kg3 63. Kf1 f3 64. b6 cxb6 65. Ke1 Kg2 0-1

[Event "Veterans Bdr 2017"]
[Site "Aubagne"]
[Date "2017.05.11"]
[Round "4"]
[White "Rouaud, Robert"]
[Black "Pietrac, Christian"]
[Result "1-0"]
[WhiteElo "1378"]
[BlackElo "1265"]
[PlyCount "99"]

1. e4 d6 2. Bc4 Nf6 3. d3 g6 4. Bd2 Bg7 5. Bc3 O-O 6. h3 e5 7. Qf3 a6 8. Ne2 b5
9. Bb3 c5 10. a3 Nc6 11. Bd2 Qe7 12. Nbc3 Nd4 13. Nxd4 exd4 14. Nd5 Nxd5 15.
Bxd5 Bb7 16. Bxb7 Qxb7 17. O-O Rfe8 18. Rfe1 Re6 19. Qg3 h5 20. Re2 Kh7 21.
Rae1 Be5 22. f4 Bf6 23. Rf2 Rae8 24. f5 R6e7 25. fxg6+ fxg6 26. Rxf6 Rg8 27.
Ref1 Rgg7 28. Qg5 Rgf7 29. Qh6+ Kg8 30. Qxg6+ Kf8 31. Bh6+ Ke8 32. Qg8+ Kd7 33.
Rxf7 Kc6 34. Rxe7 Qxe7 35. Qf7 Qd8 36. Qd5+ Kb6 37. Bf4 Kc7 38. Qxh5 Kb6 39.
Bh2 Ka5 40. Rf6 Qxf6 41. Qf5 Qh6 42. Qf4 Qh5 43. Qf3 Qg6 44. g4 b4 45. axb4+
Kxb4 46. Qf4 Qh7 47. Kg2 Qb7 48. Qxd6 a5 49. Qd5 Qb5 50. Qb3# 1-0

[Event "Veterans Bdr 2017"]
[Site "Aubagne"]
[Date "2017.05.11"]
[Round "4"]
[White "Roman, Sylvian"]
[Black "Kauder, Wilfried"]
[Result "1-0"]
[WhiteElo "1361"]
[BlackElo "1195"]
[PlyCount "47"]

1. e4 e5 2. Nf3 Nc6 3. Bb5 Nf6 4. O-O Bc5 5. d3 O-O 6. Nc3 h6 7. a3 a6 8. Ba4
b5 9. Bb3 Bb7 10. h3 Re8 11. Re1 Nd4 12. Ba2 b4 13. Na4 Nxf3+ 14. Qxf3 Qe7 15.
axb4 Bxb4 16. c3 Bc5 17. Nxc5 Qxc5 18. Qg3 (18. Bxh6 Qd6 19. Bc1) 18... Kh7 19.
Bxf7 g5 20. Bxg5 hxg5 21. Qxg5 Rg8 22. Qxf6 Qf8 23. Qf5+ Kh6 24. Qh5+ 1-0

[Event "Veterans Bdr 2017"]
[Site "Aubagne"]
[Date "2017.05.11"]
[Round "4"]
[White "Souesme, Gerard"]
[Black "Catanese, Sauveur"]
[Result "1-0"]
[WhiteElo "1361"]
[BlackElo "1130"]
[PlyCount "55"]

1. e4 d6 2. d4 Nf6 3. Nc3 g6 4. h3 Bg7 5. Be3 O-O 6. Nf3 a6 7. Qd2 Re8 8. Bh6
Bh8 9. Bc4 b5 10. Bd3 Bb7 11. O-O b4 12. Ne2 Nxe4 13. Qxb4 Nc6 14. Qxb7 Qd7 15.
Bxe4 Na5 16. Qd5 Nc6 17. Qxc6 Red8 18. Qxd7 Rxd7 19. Bxa8 Rd8 20. Bd5 e6 21.
Bb3 Rb8 22. Ng5 d5 23. c3 c6 24. Rac1 Re8 25. Rfe1 e5 26. dxe5 Bg7 27. Bxg7
Kxg7 28. Nd4 1-0

[Event "Veterans Bdr 2017"]
[Site "Aubagne"]
[Date "2017.05.11"]
[Round "4"]
[White "Porte, Jacques"]
[Black "Lognos, Lina"]
[Result "1-0"]
[WhiteElo "1338"]
[BlackElo "1064"]
[PlyCount "54"]

1. d4 g6 2. Nc3 d6 3. Nf3 Bg7 4. e4 a6 5. Bc4 b5 6. Bb3 Bb7 7. O-O Nf6 8. e5
dxe5 9. Nxe5 e6 10. Ne2 O-O 11. c3 Nd5 12. Re1 f6 13. Nd3 Nc6 14. Nef4 Bc8 15.
Nxe6 Bxe6 16. Rxe6 Na5 17. Bxd5 Qxd5 18. Re1 Nc4 19. Nf4 Qc6 20. Ne6 Rfe8 21.
Nxg7 Rxe1+ 22. Qxe1 Kxg7 23. Qe7+ Kg8 24. Bh6 Qxg2+ 25. Kxg2 Nd2 26. Bxd2 Re8
27. Qxe8+ Kg7 1-0

[Event "Veterans Bdr 2017"]
[Site "Aubagne"]
[Date "2017.05.11"]
[Round "4"]
[White "Lupinacci, Patrick"]
[Black "Boudet, Nicole"]
[Result "1-0"]
[WhiteElo "1460"]
[BlackElo "1130"]
[PlyCount "66"]

1. d4 Nf6 2. Nc3 d5 3. Bg5 Nc6 4. e3 a6 5. Nf3 Bf5 6. Bxf6 exf6 7. Be2 Bb4 8.
O-O Be6 9. Bd3 O-O 10. h3 Re8 11. Ne2 Bd6 12. c3 a5 13. Qc2 g6 14. Rfe1 Qd7 15.
Nf4 Ne7 16. Nxe6 fxe6 17. e4 c6 18. e5 fxe5 19. Nxe5 Bxe5 20. Rxe5 Rf8 21. Rae1
Rf6 22. R1e3 Raf8 23. f3 Nf5 24. Re1 Nh4 25. Qf2 g5 26. Rxg5+ Ng6 27. h4 Qf7
28. h5 Rxf3 29. gxf3 Kg7 30. hxg6 Qf6 31. Qg3 h6 32. Rge5 Re8 33. Qg4 h5 1-0

[Event "Veterans Bdr 2017"]
[Site "Aubagne"]
[Date "2017.05.11"]
[Round "4"]
[White "Belaid, Myriam"]
[Black "Betry, Bernard"]
[Result "0-1"]
[WhiteElo "1030"]
[BlackElo "1399"]
[PlyCount "72"]

1. e4 e6 2. d4 d5 3. e5 Nc6 4. c3 b6 5. Bd3 g6 6. Ne2 Bg7 7. O-O Nge7 8. Be3
O-O 9. Nd2 Nf5 10. Qa4 Bb7 11. Qd1 Nxe3 12. fxe3 Qg5 13. e4 Qe3+ 14. Rf2 Qxd3
15. exd5 exd5 16. Ng3 Qe3 17. Qb3 Rad8 18. Qa3 Qg5 19. Qxa7 Nxa7 20. Nf3 Qe7
21. Re1 c5 22. h4 h6 23. Nd2 Nb5 24. Nb3 c4 25. Nc1 Qxh4 26. Nh1 Bc8 27. Kf1
Bf5 28. Re3 h5 29. b3 cxb3 30. Nd3 Bh6 31. Rh3 Bxd3+ 32. Rxd3 Qxh1+ 33. Ke2
bxa2 34. Rf1 Qxg2+ 35. Ke1 a1=Q+ 36. Rd1 Bd2# 0-1

[Event "Veterans Bdr 2017"]
[Site "Aubagne"]
[Date "2017.05.18"]
[Round "5"]
[White "Quet, Jean-Francois"]
[Black "Paravagna, Alain"]
[Result "0-1"]
[WhiteElo "1656"]
[BlackElo "1864"]
[PlyCount "63"]

1. e4 d6 2. d4 Nf6 3. Nc3 Nbd7 4. Nf3 e5 5. Bg5 c6 6. Be2 Be7 7. Qd2 b5 8. a3
Bb7 9. O-O a6 10. Rad1 Qc7 11. Rfe1 O-O 12. Nh4 g6 13. d5 cxd5 14. Nxd5 Bxd5
15. Bh6 Rfc8 16. Nf5 Bf8 17. Bxf8 Nxf8 18. Nh6+ Kh8 19. exd5 Ne4 20. Qe3 f5 21.
Bd3 Nf6 22. Bxf5 gxf5 23. Nxf5 Ng6 24. Qg5 Rf8 25. c3 Qd7 26. Rd3 Ne4 27. Rxe4
Qxf5 28. Qxf5 Rxf5 29. Rg4 Raf8 30. Rd2 Nf4 31. f3 Nh5 32. Rd1 0-1

[Event "Veterans Bdr 2017"]
[Site "Aubagne"]
[Date "2017.05.18"]
[Round "5"]
[White "Kleitz, Michel"]
[Black "Turpin, Isabelle"]
[Result "1-0"]
[WhiteElo "1766"]
[BlackElo "1152"]
[PlyCount "99"]

1. d4 d5 2. c4 Nf6 3. cxd5 Qxd5 4. Nc3 Qd8 5. e4 e5 6. dxe5 Qxd1+ 7. Kxd1 Ng4
8. Ke1 Bc5 9. Nh3 O-O 10. f4 Rd8 11. Nd5 Nc6 12. Bd2 Nd4 13. Rc1 b6 14. Nxc7
Rb8 15. b4 Rd7 16. Na6 Bxa6 17. Bxa6 Rbd8 18. bxc5 Rc7 19. cxb6 Rxc1+ 20. Bxc1
Nc2+ 21. Ke2 axb6 22. Kf3 h5 23. Nf2 Nh6 24. Rd1 Ra8 25. Bc4 Ra4 26. Bb3 Nd4+
27. Ke3 Nxb3 28. axb3 Ra1 29. Kd3 Kf8 30. h3 h4 31. Be3 Ra6 32. Kc4 Kg8 33. f5
b5+ 34. Kxb5 Ra8 35. Rd6 f6 36. exf6 Nf7 37. Rb6 Nd8 38. fxg7 Kxg7 39. Bd4+ Kf7
40. Ng4 Rc8 41. Ne5+ Ke8 42. Ng6 Nf7 43. Re6+ Kd8 44. Bb6+ Kd7 45. Re7+ Kd6 46.
Rxf7 Rc6 47. e5+ Kd5 48. Rd7+ Rd6 49. Rxd6+ Ke4 50. f6 1-0

[Event "Veterans Bdr 2017"]
[Site "Aubagne"]
[Date "2017.05.18"]
[Round "5"]
[White "Battaglia, Gerard"]
[Black "Pierrugues, Laurent"]
[Result "0-1"]
[WhiteElo "1736"]
[BlackElo "1738"]
[PlyCount "62"]

1. d4 Nf6 2. c4 g6 3. Nc3 Bg7 4. e4 d6 5. Be2 O-O 6. f4 c5 7. d5 e6 8. Nf3 exd5
9. cxd5 Bg4 10. O-O Nbd7 11. Be3 Re8 12. h3 Bxf3 13. Bxf3 Qa5 14. Qc2 b5 15. a3
Rac8 16. g4 h6 17. g5 hxg5 18. fxg5 Nh7 19. Bg4 Rc7 20. Rxf7 Kxf7 21. Be6+ Ke7
22. Rf1 Rf8 23. Qe2 Bxc3 24. bxc3 Qxc3 25. Bf4 Ne5 26. Qg2 b4 27. axb4 Qd4+ 28.
Kh1 cxb4 29. h4 b3 30. Bxe5 Qxe5 31. Rxf8 Nxf8 0-1